| 000 | 00513nam a2200181Ia 4500 | ||
|---|---|---|---|
| 001 | 25399 | ||
| 005 | 20260414151147.0 | ||
| 008 | 260414t2018||||xx |||||||||||||| ||spa|| | ||
| 041 | _aESP | ||
| 082 |
_a346.5 _bN39 |
||
| 100 |
_aNeme Villarreal, Martha Lucía, _eAUT |
||
| 245 | 0 |
_aObligaciones de garantía en el derecho contemporáneo : _bnálisis desde la tradición del derecho civil |
|
| 260 | _c2018 | ||
| 300 |
_a57 páginas : _c21 cm. |
||
| 650 | _aDER | ||
| 654 | _aCDE | ||
| 942 |
_cLIB _dJUS _fJUS _2ddc _n |
||
| 999 |
_c25399 _d25399 |
||